000 00378nam a2200157Ia 4500
008 210210b1994 xxu||||| |||| 00| 0 eng d
020 _a81 7328 030 4
082 _a330 MUKM
100 _aMUKHERJI (Sampat).
245 _aModern economic theory.
250 _a
260 _aND
_bWishwa Prakashan
_c1994
300 _axxiii,983
690 _aEconomic Theory
906 _a050610
999 _c99304
_d99304